City Signs and Lights A policy Study (Record no. 5281)
[ view plain ]
| 000 -LEADER | |
|---|---|
| fixed length control field | 00266nam a2200109Ia 4500 |
| 008 - FIXED-LENGTH DATA ELEMENTS--GENERAL INFORMATION | |
| fixed length control field | 200302s9999 xx 000 0 und d |
| 100 ## - MAIN ENTRY--PERSONAL NAME | |
| Personal name | Stephen Carr |
| 245 ## - TITLE STATEMENT | |
| Title | City Signs and Lights A policy Study |
| 260 ## - PUBLICATION, DISTRIBUTION, ETC. | |
| Name of publisher, distributor, etc. | Mit Press Ltd., |
| 260 ## - PUBLICATION, DISTRIBUTION, ETC. | |
| Date of publication, distribution, etc. | 1973 |
| 300 ## - PHYSICAL DESCRIPTION | |
| Extent | 272 P., |
| Withdrawn status | Lost status | Source of classification or shelving scheme | Damaged status | Not for loan | Permanent Location | Current Location | Shelving location | Date acquired | Cost, normal purchase price | Full call number | Barcode | Date last seen | Price effective from | Koha item type | Public note |
|---|---|---|---|---|---|---|---|---|---|---|---|---|---|---|---|
| Not For Loan | BMS College of Architecture, Design and Planning | BMS College of Architecture, Design and Planning | Staff Office | 2020-03-03 | 296.00 | 711.4 | CL-PG21352 | 2020-03-03 | 2020-03-03 | PG Books from CL | Librarian RFID |